Sports Scramble - Statistics

General Stats
  • This quiz has been taken 16 times
  • The average score is 12 of 18
Answer Stats
Answer % Correct
Sharks
92%
Heat
88%
Dodgers
86%
Jets
86%
Lions
86%
Cowboys
79%
Cardinals
78%
Yankees
75%
Bruins
71%
Lakers
71%
Steelers
71%
Flames
67%
Pistons
67%
Titans
63%
Saints
58%
Guardians
55%
Indians
55%
Whalers
53%
Hornets
50%
Barcelona
42%
Paris Saint German
0%
No matching quizzes found
Score Distribution
Percent of People with Each Score
Percentile by Number Answered
Your Score History
You have not taken this quiz